Rhinoviruses. (Record no. 53250)
[ view plain ]
| 000 -LEADER | |
|---|---|
| fixed length control field | 00816cam7a220027700 4500 |
| 001 - CONTROL NUMBER | |
| control field | lce00671227 |
| 008 - FIXED-LENGTH DATA ELEMENTS--GENERAL INFORMATION | |
| fixed length control field | 710406s1967 sz a b 000 0 eng |
| 010 ## - LIBRARY OF CONGRESS CONTROL NUMBER | |
| LC control number | 68092572 //r88 |
| 015 ## - NATIONAL BIBLIOGRAPHY NUMBER | |
| National bibliography number | Sw68-A-245 |
| 020 ## - INTERNATIONAL STANDARD BOOK NUMBER | |
| Terms of availability | sfr 20.50 |
| 035 ## - SYSTEM CONTROL NUMBER | |
| System control number | (Sirsi) r66112 |
| 035 ## - SYSTEM CONTROL NUMBER | |
| System control number | (DLC) 68092572 //r88 |
| 035 ## - SYSTEM CONTROL NUMBER | |
| System control number | (UPRA)lce00671227 |
| 040 ## - CATALOGING SOURCE | |
| Modifying agency | UPRA |
| 050 0# - LIBRARY OF CONGRESS CALL NUMBER | |
| Classification number | QR360 |
| Item number | .H25 |
| 082 ## - DEWEY DECIMAL CLASSIFICATION NUMBER | |
| Classification number | 616.2 |
| 100 1# - MAIN ENTRY--PERSONAL NAME | |
| Personal name | Hamre, Dorothy. |
| Linkage | A26525.1 |
| 245 10 - TITLE STATEMENT | |
| Title | Rhinoviruses. |
| 260 ## - PUBLICATION, DISTRIBUTION, ETC. | |
| Place of publication, distribution, etc. | Basel ; New York : |
| -- | Basel ; New York : |
| Name of publisher, distributor, etc. | S. Karger, |
| Date of publication, distribution, etc. | 1968 [i.e. 1967] |
| 490 1# - SERIES STATEMENT | |
| Series statement | Monographs in virology ; |
| Volume/sequential designation | v. 1 |
| 504 ## - BIBLIOGRAPHY, ETC. NOTE | |
| Bibliography, etc. note | Bibliography: p. [80]-85. |
| 650 #0 - SUBJECT ADDED ENTRY--TOPICAL TERM | |
| Topical term or geographic name entry element | Rhinoviruses. |
| Linkage | S19070.1 |
| 830 #0 - SERIES ADDED ENTRY--UNIFORM TITLE | |
| Uniform title | Monographs in virology ; |
| Volume/sequential designation | vol. 1. |
| Linkage | S4871.1 |
| 949 ## - LOCAL PROCESSING INFORMATION (OCLC) | |
| a | QR360 |
| w | LC |
| i | -88388 |
| m | MEDICAL |
| t | BOOK |
| l | ON-SHELF |
No items available.